| 000 | 00618nam a2200217Ii 4500 | ||
|---|---|---|---|
| 003 | JO-AjNU | ||
| 008 | 230605s9999||||xx |||||||||||||| ||und|| | ||
| 017 | _a2000/11160 | ||
| 020 | _a977-01-6836-X | ||
| 040 |
_aJO-AjNU _bara _erda _cJO-AjNU |
||
| 041 | _aara | ||
| 050 | 1 | 4 | _aTL 586. S5248 2000 |
| 100 | 3 |
_aشعبان ، سعد , _eauthor _920689 |
|
| 245 | 0 | 0 | _aالفضاء عصرنا |
| 264 | 3 | 1 | _aعمان: مكتبة الاسرة ،2000 |
| 300 | _a364ص | ||
| 336 |
_atext _btxt _2rdacontent |
||
| 337 |
_aunmediated _bn _2rdamedia |
||
| 338 |
_avolume _bnc _2rdacarrier |
||
| 650 | 4 |
_aالفضاء _920690 |
|
| 999 |
_aA7060 _c10628 _d10628 |
||